000 00649cam a2200217 a 4500
001 000010084
005 20200929161833.0
008 030609s1989 cu 000 0 spa
040 _aDO-SdBNP
_bspa
_cLC
_dBNPHU
082 _aCu862.44
_bF965q
100 1 _aFulleda León, Gerardo,
_d1942-
_925064
245 1 3 _aLa querida enramada /
_cGerardo Fulleda León.
260 _aLa Habana :
_bUnión de Escritores y Artistas de Cuba,
_c1989.
300 _a82 p. ;
_c19 cm.
490 1 _aIreme
650 4 _aTeatro cubano
_924517
650 4 _aLiteratura cubana
_91483
830 0 _aIreme
_925065
910 _aCatalogación por copia / LC
049 _aBNGR
999 _c9843
_d9843